000 00245nam a2200109Ia 4500
008 200302s9999 xx 000 0 und d
100 _aAlto Alvar
245 _aThe Garden Book
260 _bPhaidon Press Ltd.
260 _c2000
300 _a512 P.,
999 _c1984
_d1984